00828nam a2200241Ia 450000500170000000800410001702000150005810000360007324500610010925000180017030000400018849000180022858600450024665000510029165000510034265000320039326400270042533600270045233700330047933800280051204000350054008400110057520220317000802.0160601s2005 ck g 000 0 s  a95805099801 aMeneses Claros, Gerardo,d1966-10aTato y Carmela amores y morralescGerardo Meneses Claros a1a. edición a136 páginasbilustracionesc18 cm aAlas de papel aPremio nacional de cuento infantil, 2002142LEMBaCuentos infantiles colombianosySiglo XX142LEMBaLiteratura infantil colombianaySiglo XX142LEMBaAmor en la literatura aBogotábEducarc2005 atextobtxt2rdacontent asin mediaciónbn2rdamedia avolumenbnc2rdacarrier aCO-BoRNBPbspaerdacCO-BoRNBP aC MEN9